Easy Sudoku with Whammies #1 - Statistics

General Stats
  • This quiz has been taken 1,062 times
  • The average score is 33 of 44
Answer Stats
Answer % Correct
6
90%
8
87%
4
86%
2
84%
7
84%
9
83%
3
82%
2
81%
5
81%
1
80%
4
80%
1
78%
3
78%
6
78%
3
77%
8
76%
4
75%
9
75%
1
74%
2
74%
2
74%
3
74%
4
74%
2
73%
5
73%
5
72%
6
71%
1
70%
2
70%
1
69%
4
68%
5
68%
8
68%
8
68%
7
68%
1
67%
4
67%
5
67%
7
67%
5
66%
8
66%
1
64%
5
64%
7
64%
No matching quizzes found
Score Distribution
Percent of People with Each Score
Percentile by Number Answered
Your Score History
You have not taken this quiz